|
|
|
|
| LEADER |
01375nab#a2200337#ar4500 |
| 001 |
000071202 |
| 003 |
SVKKK |
| 005 |
20010201xxxxxxx. |
| 008 |
06 c xo huno |
| FMT |
|
|
|
| 038 |
|
|
|a SVKKK
|
| 040 |
|
|
|a SVKKK
|b slo
|e AACR2
|
| 041 |
0 |
|
|a hun
|
| 044 |
|
|
|a xo
|c SK
|
| 080 |
|
|
|a 347.4
|
| 100 |
1 |
|
|a Ádamkovich, [Viktor]
|4 aut
|
| 242 |
1 |
0 |
|a Výpis z dražobného oznamu
|
| 245 |
1 |
0 |
|a Árverési hirdetményi kivonat
|c [Viktor] Ádamkovich / [?] Knyazoviczky
|
| 500 |
|
|
|a mikrofilm
|
| 520 |
2 |
|
|a Text oznamu o konaní verejnej dražby č. 4695/1911 tkv. vydražovaného Juraja Kirlika, ktorého majetky sú zapísané v pozemkovej knihe č. 55 obce Pichné, kde sa aj dražba uskutoční dňa 10. 11. 1911 v prospech dražiteľa Jozefa Szmetanku. Konanie verejnej dražby zverejnil Kráľovský okresný súd v Humennom 19. 09. 1911.
|
| 650 |
0 |
4 |
|a dražby - č. 4695/1911 tkv. - Szmetanka, Jozef (dražiteľ) - Kirlik, Juraj (vydražovaný) - dražba verejná - Pichné (HN) - 10.11.1911 - oznam - texty
|
| 700 |
1 |
|
|a Knyazoviczky, [?]
|4 aut
|
| 773 |
0 |
|
|t Homonna és Vidéke : Vegyes tartalmu közmüvelődési, szépirodalmi és közgazdasági hetilap
|g Roč. 11, č. 40 (08.10.1911) s. 3
|
| 957 |
|
|
|a Humenné
|
| 957 |
|
|
|a Pichné
|
| 958 |
|
|
|a DG
|
| 958 |
|
|
|a SK
|
| 974 |
|
|
|a Ba
|d 20010201
|
| 992 |
|
|
|a RBX
|
| BAS |
|
|
|
| 998 |
|
|
|a RETRO
|